000 00776nam a22002177a 4500
005 20150520145155.0
008 140714b xxu||||| |||| 00| 0 Urdu d
010 _aUR-8937
020 _c300.00
_a9789350730331
035 _aU-7492
037 _bBPPD/Pub/Ven
040 _aDPL
_bUrdu
082 _a854
100 _aمر تبہ :ر شيد ا نجم
245 _aلفظ شنا س :مشا ہير ا د ب کے خطو طبنا م نعيم کو ثر
_cمر تبہ :ر شيد ا نجم
246 _aLafz Shanaas (Khatoot)
_bBy Naeem Kausar
260 _bEducational Publishing House
_c2012
_aDelhi
270 _a3108,Vakil Street Kucha Pandit,Lal Kuan
_bDelhi
_k01123216162
_e110006
300 _a280ص
_c22Cm (Hb)
942 _2ddc
_cUR
_e
_h854
_mر ش ی
999 _c93808
_d93808